Top ten things Ross Craik hates - Statistics

General Stats
  • This quiz has been taken 2 times
  • The average score is 4 of 10
Answer Stats
Hint Answer % Correct
politics (being identified as one) tory
100%
tower eiffel tower jokes
50%
person Ewan
50%
cracker josh
50%
food ordering same as someone
50%
city perth
50%
touche back touch
0%
gaming discord stream
0%
hot tub group work
0%
2nd year passing maths
0%
No matching quizzes found
Score Distribution
Percent of People with Each Score
Percentile by Number Answered
Your Score History
You have not taken this quiz